上海9号线地铁站 - Statistics

General Stats
  • This quiz has been taken 249 times
  • The average score is 25 of 35
Answer Stats
9号线地铁站 % Correct
上海松江站
93%
曹路
90%
松江大学城
89%
醉白池
87%
世纪大道
86%
徐家汇
85%
佘山
84%
泗泾
83%
宜山路
81%
松江新城
80%
洞泾
80%
漕河泾开发区
79%
桂林路
79%
七宝
77%
肇嘉浜路
77%
小南门
77%
陆家浜路
75%
商城路
75%
九亭
74%
打浦桥
71%
马当路
71%
杨高中路
69%
中春路
68%
金海路
67%
松江体育中心
66%
嘉善路
65%
蓝天路
62%
星中路
60%
金桥
60%
合川路
56%
台儿庄路
55%
民雷路
54%
顾唐路
51%
芳甸路
49%
金吉路
48%
No matching quizzes found
Score Distribution
Percent of People with Each Score
Percentile by Number Answered
Your Score History
You have not taken this quiz